000 00350nam a22001457a 4500
008 210224b ||||| |||| 00| 0 eng d
020 _a9781563081576
041 _aeng
080 _a004
082 _a004
100 _a28
101 _aSHK
245 _aOnline Retrieval A dialogue of Theory and Practice
_cWalker, G & Janes, J
942 _2udc
_cBK
999 _c55162
_d55162